[Event "Marienbad Open IM2 2020"]
[Site "Marianske Lazne"]
[Date "2020.01.19"]
[Round "2.13"]
[White "Vetokhin, Savva"]
[Black "Strebkovs, Andrejs"]
[Result "0-1"]
[WhiteElo "2113"]
[BlackElo "2278"]
[Annotator "TA"]
[PlyCount "92"]
[EventDate "2020.01.18"]
[EventType "tourn"]
[EventCountry "CZE"]
[SourceTitle "playchess.com"]
[Source "ChessBase"]
[SourceQuality "1"]

{[%evp 14,92,41,12,23,21,16,27,22,16,19,16,32,16,75,-34,-46,-31,-38,-61,-53,-67,6,0,0,0,0,0,0,-12,-6,-3,0,0,0,-6,-6,-2,0,-28,-28,-31,-29,-146,-80,-134,-133,-135,-88,-135,-135,-127,-135,-125,-119,-162,-160,-162,-160,-136,-157,-135,-129,-248,-239,-373,-239,-460,-465,-2593,-2127,-12837,-11241,-12844,-12844,-29983,-29984,-29984,-29985,-29985,-29986]} 1. e4 e6 2. d4 d5 3. Nd2 a6 4. Bd3 c5 5. dxc5 Bxc5 6. Ngf3 Nc6 7. O-O Nf6 8. Qe2 Nb4 {C07: French Tarrasch: 3...c5, 4 Ngf3 and 4 exd5 Qxd5} 9. e5 (9. Nb3 Be7 10. e5 Nd7 11. Nfd4 Qc7 12. Bf4 Nf8 13. a3 Nxd3 14. cxd3 Ng6 15. Bg3 Qb6 16. a4 {0-1 (36) Solomunovic,I (2399)-Nikolic,P (2584) Valjevo 2018}) 9... Nxd3 10. cxd3 Nd7 {White has an edge.} 11. Nb3 Be7 12. Be3 O-O 13. Rac1 f6 $146 (13... b6 $11 {keeps the balance.}) ({Predecessor:} 13... b6) 14. Nc5 (14. exf6 $16 Bxf6 15. Bf4) 14... Nxe5 $15 15. Nxe5 fxe5 16. f4 b6 17. Nb3 Bd6 (17... exf4 $15 18. Bxf4 Bd7) 18. fxe5 $11 Rxf1+ 19. Rxf1 Bxe5 20. Qf2 {White wants to mate with Qf7+.} Qf6 21. Bxb6 Qxf2+ 22. Rxf2 Rb8 23. Ba7 Rb7 24. Bc5 {[%csl Gc5][%cal Rf2f8]} Bf6 25. d4 Bd7 26. Na5 Rc7 27. b4 Bb5 {...Bxd4! is the strong threat.} 28. Rd2 (28. g3 $11) 28... h6 (28... Bg5 $142 29. Rd1 Be3+ 30. Kh1 Rf7) 29. Nb3 {[#]} (29. Kh1 $142) 29... Bg5 $1 $17 30. Rd1 Be3+ 31. Kh1 Rf7 32. Bd6 Rf2 {And now ...Bf1 would win.} 33. Re1 Bg5 34. a3 Ra2 35. Nc5 Rxa3 36. Nxe6 {[#]} Bd2 $1 {[%cal Rd2e1]} 37. Rd1 Rb3 38. Be5 (38. h3 $17 {was necessary.} Bxb4 39. Bxb4 Rxb4 40. Nc7) 38... Bxb4 $19 ({But not} 38... Rxb4 39. Nxg7 Kf7 40. h4 $17) 39. Nxg7 (39. Rc1 $142) 39... a5 {[%cal Ba6a5,Ba5a4,Ba4a3,Ba3a2][%mdl 32] Strongly threatening ...a4.} 40. Nf5 $2 (40. Rc1) 40... a4 {Threatens to win with ...a3.} 41. Bd6 (41. Nxh6+ $142 Kh7 42. g3 Kxh6 43. Ra1) 41... a3 42. Bxb4 a2 43. Ne3 Rxb4 44. Nc2 {[#]} Rb1 $1 {[%mdl 512] Black mates.} 45. Rg1 Ba4 46. Na1 Bd1 {Accuracy: White = 33%, Black = 75%.} 0-1

[Event "Marienbad Open IM2 2020"]
[Site "Marianske Lazne"]
[Date "2020.01.19"]
[Round "2.15"]
[White "Sharma Isha"]
[Black "Marszalek, Maciej"]
[Result "1/2-1/2"]
[WhiteElo "2169"]
[BlackElo "2314"]
[Annotator "TA"]
[PlyCount "189"]
[EventDate "2020.01.18"]
[EventType "tourn"]
[EventCountry "CZE"]
[SourceTitle "playchess.com"]
[Source "ChessBase"]
[SourceQuality "1"]

{[%evp 14,189,22,13,5,12,37,36,34,20,27,8,14,0,0,-8,0,-16,0,-4,7,-18,0,-37,-31,-81,-76,-85,-16,-28,-10,-60,68,64,60,60,79,66,67,58,76,68,66,76,63,0,0,-27,-20,-24,-20,-52,-21,-28,-7,-63,-63,-63,-63,-63,-63,-63,0,0,0,-63,0,-209,-213,-201,-209,-225,-212,-201,23,23,37,37,96,80,96,96,104,77,96,96,104,77,106,77,104,77,96,77,96,96,104,77,77,77,77,0,0,0,77,77,107,77,77,77,129,129,129,107,107,107,107,107,114,114,114,107,107,96,96,77,77,77,77,77,77,77,77,77,77,77,77,8,77,0,77,77,77,0,77,77,77,77,77,77,77,77,77,77,77,77,77,77,77,0,77,77,77,77,77,77,77,77,77,77,77,77,77,0,77,0,77,0]} 1. e4 e5 2. Nf3 Nc6 3. Bc4 Bc5 4. c3 Nf6 5. d3 d6 6. Nbd2 a6 7. Bb3 Ba7 8. h3 h6 {C54: Giuoco Piano: 4 c3 Nf6, main lines with 5 d4 and 5 d3} 9. Nf1 Ne7 (9... Be6 10. Ng3 Qd7 11. Qe2 Bxb3 12. axb3 Ne7 13. O-O Ng6 14. Nf5 O-O 15. Nh2 Qe6 16. b4 Ne7 17. Ng3 Ng6 18. Nf5 Ne7 19. Ng3 Ng6 20. Nf5 Ne7 {½-½ (20) Chigaev,M (2604)-Kovalev,V (2687) Wijk aan Zee 2019}) 10. Ng3 Ng6 {White is slightly better.} 11. O-O O-O 12. Be3 Re8 13. Qd2 Bxe3 14. fxe3 Be6 15. Bc2 c6 16. d4 Qb6 $146 ({Predecessor:} 16... Qc7 17. Rf2 {1-0 (34) Roa Alonso,S (2445)-Ivanovich Balsinde,N (2151) Madrid 2007}) 17. a3 Rad8 18. Kh1 Bc4 19. Bd3 Bxd3 20. Qxd3 exd4 (20... d5 $17 {...dxe4 is the strong threat.} 21. Nd2 Re6) 21. exd4 Qxb2 22. Nd2 (22. Rab1 $5 {[%cal Rb1b2]} Nf4 23. Rxb2 Nxd3 24. Rxb7 $11) 22... Re6 (22... Qb5 $15 23. Qxb5 axb5) 23. Rab1 $14 Qxa3 24. Rxb7 Qa5 25. Nf5 Rde8 $1 26. Nc4 Qd8 {With the idea ...d5.} 27. d5 $1 {[%cal Rd5e6]} cxd5 28. exd5 Re1 29. Ncxd6 (29. Kh2 $14 Ne5 30. Nxe5 R1xe5 31. Qxa6 (31. Qg3 Rxf5 {[%mdl 64] Decoy} 32. Rxf5 Qc8 $11)) 29... Ne5 $1 $36 {[%cal Re5d3][%mdl 2048] Black has some pressure.} 30. Qxa6 Qa8 31. Qb5 $1 Qa1 $1 {[%csl LRc3,LRf1]} 32. Ne3 Rd8 33. Ndf5 $1 Qxc3 34. d6 (34. Kh2 $11 Rxe3 35. Qb6 {[%mdl 64] Double Attack} Nf3+ 36. Rxf3 Rxf3 37. Qxd8+ Kh7 38. gxf3) 34... Rxe3 $15 35. Nxe3 Qxe3 36. Re7 Ne4 $1 37. Kh2 $1 ({Avoid the trap} 37. Re8+ $2 Rxe8 38. Qxe8+ Kh7 $19) 37... Qg3+ 38. Kg1 $1 Qe3+ 39. Kh2 $1 f6 (39... Nd2 $1 $15 40. Rfxf7 Ndf3+ $1 {[%mdl 512]} 41. Rxf3 Nxf3+ 42. gxf3 Qf2+ 43. Kh1 Qxf3+ {[%mdl 64] Double Attack} 44. Kh2 Qf4+ 45. Kh1 Qf3+ 46. Kh2 Qf4+ 47. Kh1 Qf3+) 40. Qb7 $2 (40. Re8+ $11 {and White is okay.} Rxe8 41. Qxe8+ Kh7 42. d7 Qg3+ 43. Kg1 Qe3+ 44. Kh2) 40... Qg3+ $19 41. Kh1 Qg6 $1 {aiming for ...Ng3+.} ({Not} 41... Nxd6 42. Qc7 $11) 42. Rf4 Nxd6 43. Qb6 {[#]} Ndf7 $2 {[#]} (43... Nef7 $1 $19 44. Rg4 Qf5 45. Rxg7+ Kh8) 44. Rxe5 $1 $11 {[%mdl 576] Pin} Rd1+ (44... fxe5 45. Qxg6) 45. Kh2 Nxe5 (45... fxe5 $14 46. Qxg6 exf4) 46. Qb3+ $16 {[%mdl 64] Double Attack} Kh7 47. Qxd1 {[%mdl 4096] Endgame KQR-KQN} Qd3 48. Qa4 Qe3 49. Qc2+ Qd3 50. Qc8 Qd7 51. Qb8 Qd2 52. Rf1 Qd3 53. Rf2 Qd4 54. Qb1+ Qd3 55. Qa2 Qd6 56. Kg1 Qd4 {And now ...Nd3 would win.} 57. Kh1 (57. Qb2 $5 {[%cal Rb2d4]} Qe3 58. Qe2 $16) 57... Qd1+ 58. Kh2 Qd6 $1 {( -> ...Nf3+!)} 59. Qc2+ Qd3 60. Qc7 {Black must now prevent Rxf6.} Qd4 61. Rf1 Qc4 (61... h5 $142) 62. Qxc4 Nxc4 {KR-KN} 63. Rc1 Ne5 64. Rc7 h5 65. Kg3 Kg6 66. Kf4 Nf7 67. Rc3 Nh6 68. Rg3+ Kf7 69. Ra3 g5+ 70. Ke4 h4 71. Kd5 Nf5 72. Rf3 Kg6 73. Rf2 Ng7 74. Ke4 Nh5 75. Rf3 (75. Kd4 $16) 75... Ng3+ (75... Nf4 $11) 76. Kd5 (76. Ke3 $16) 76... Ne2 (76... Nf5 $1 $11) 77. Rf2 Nf4+ 78. Ke4 Nh5 $1 79. Ra2 Nf4 80. Kf3 Nh5 81. Ra4 Ng3 82. Ra8 Kf5 83. Re8 Nh5 84. Rh8 Ng3 85. Rh6 Nf1 86. Rh8 Ng3 $1 87. Ra8 Nh5 88. Ra5+ Kg6 89. Kg4 Nf4 {[#]} 90. Ra2 $1 Nd3 {[%cal Rd3e5]} 91. Kf3 Nf4 92. Ra6 Nh5 93. Ra4 Ng3 $1 94. Ra6 Nh5 $1 95. Ra4 {Accuracy: White = 57%, Black = 57%.} ({White should try} 95. Rb6 $16) 1/2-1/2

[Event "Marienbad Open IM2 2020"]
[Site "Marianske Lazne"]
[Date "2020.01.20"]
[Round "3.11"]
[White "Marszalek, Maciej"]
[Black "Tancsa, Tamas"]
[Result "1-0"]
[WhiteElo "2314"]
[BlackElo "2193"]
[Annotator "TA"]
[PlyCount "109"]
[EventDate "2020.01.18"]
[EventType "tourn"]
[EventCountry "CZE"]
[SourceTitle "playchess.com"]
[Source "ChessBase"]
[SourceQuality "1"]

{[%evp 17,109,38,32,24,20,28,49,20,39,15,16,0,24,9,23,20,98,98,98,104,112,67,106,97,86,70,74,83,66,81,86,37,37,37,46,38,47,48,54,57,61,59,53,53,91,100,117,93,108,106,106,106,195,172,247,255,251,236,236,208,271,263,463,463,463,372,260,260,5157,5255,4662,2428,29969,29971,29972,29968,29971,29974,29971,29972,29975,29969,29962,29964,29970,29968,29975,11394,29984,29985,29985,29986,29986,29987]} 1. d4 Nf6 2. c4 d6 3. Nf3 g6 4. g3 Bg7 5. Bg2 O-O 6. O-O Nc6 7. Nc3 e5 8. dxe5 dxe5 9. Bg5 Be6 10. Qc1 {E62: King's Indian: Fianchetto: 6...c6 and Panno Variation (6...Nc6) without ...a6} (10. Qa4 Qb8 11. Bxf6 Bxf6 12. Nd2 Bg7 13. Rfd1 Rd8 14. Nb3 Nd4 15. Nc5 c6 16. e3 Bg4 17. exd4 exd4 18. N3e4 Bxd1 19. Rxd1 {1-0 (32) Carlsen,M (2835)-Firouzja,A (2607) St Petersburg 2018}) 10... Qc8 11. Rd1 Nd7 12. Nd5 {White is slightly better.} e4 13. Ne1 $146 ({Predecessor:} 13. Nd2 f5 14. Nb3 Rf7 15. Bh6 Bh8 16. h4 Nb6 17. h5 Ne5 {½-½ (46) Jumabayev,R (2612)-Onischuk,V (2637) Riadh 2017}) 13... f5 14. Bh6 Bxd5 15. Bxg7 Kxg7 16. cxd5 Nce5 {[#]} (16... Ne7 $11 {keeps the balance.}) 17. Qc3 $1 $16 Kg8 18. Rac1 c5 19. dxc6 bxc6 20. f4 Ng4 {[%cal Be5g4,Bg4f6,Bf6d5][%mdl 32]} 21. h3 Ngf6 22. Qxc6 {Hoping for Qe6+.} Qxc6 23. Rxc6 Rac8 24. Rxc8 Rxc8 25. e3 Nb6 26. Bf1 Nfd5 27. Kf2 Kf7 28. g4 Ke6 29. gxf5+ gxf5 30. Rd2 Nc4 31. Bxc4 $1 Rxc4 {[%mdl 4096] Endgame KRN-KRN} 32. Nc2 (32. Rc2 {looks sharper.} Rb4 33. b3 Rb6 34. Rc4 Ra6 35. a4) 32... Nb4 33. Nxb4 Rxb4 {KR-KR} 34. Rc2 Kd6 (34... Kd5 $16) 35. Kg3 $18 Rb8 {[#]} (35... Kd5 {is a better defense.} 36. Kh4 Rc4 37. Rd2+ Ke6) 36. Kh4 $1 Rg8 37. Rc3 Rg2 38. Ra3 Kc5 39. Rxa7 Rxb2 $2 (39... Re2 40. Kg5 (40. Rxh7 Rxe3 41. Kg5 Rf3 $18) 40... Rxe3 41. Kxf5 (41. Rxh7 Rf3 $18) 41... h5) 40. Kg5 Re2 41. Kxf5 Rxe3 42. Rxh7 Ra3 $2 (42... Kd6 43. Ra7 Kc5) 43. Kxe4 Kd6 44. Kf5 Rxa2 45. h4 Ra8 46. Kg6 Ra4 47. Rf7 Ra1 48. h5 Rg1+ 49. Kf6 Rh1 50. Rh7 Rh4 51. f5 Rh1 52. Rh8 Kd7 53. h6 {White mates.} Kc7 54. h7 Kb7 55. Re8 {Accuracy: White = 84%, Black = 36%.} 1-0

[Event "Marienbad Open IM2 2020"]
[Site "Marianske Lazne"]
[Date "2020.01.20"]
[Round "3.12"]
[White "Strebkovs, Andrejs"]
[Black "Sharma Isha"]
[Result "1/2-1/2"]
[WhiteElo "2278"]
[BlackElo "2169"]
[Annotator "ChessBase"]
[PlyCount "68"]
[EventDate "2020.01.18"]
[EventType "tourn"]
[EventCountry "CZE"]
[SourceTitle "playchess.com"]
[Source "ChessBase"]
[SourceQuality "1"]
[TimeControl "40/5400+30:1800+30"]

1. d4 {[%emt 0:00:00]} Nf6 {[%emt 0:00:00]} 2. g3 {[%emt 0:00:49]} g6 {[%emt 0:00:41]} 3. Bg2 {[%emt 0:00:17]} Bg7 {[%emt 0:00:07]} 4. e4 {[%emt 0:00:19]} d6 {[%emt 0:00:17]} 5. Nc3 {[%emt 0:00:57]} c6 {[%emt 0:00:15]} 6. Nge2 {[%emt 0:00:14]} O-O {[%emt 0:00:11]} 7. h3 {[%emt 0:00:22]} d5 {[%emt 0:01:53]} 8. e5 {[%emt 0:02:03]} Ne8 {[%emt 0:00:07]} 9. O-O {[%emt 0:00:34]} Nc7 {[%emt 0:01:02]} 10. f4 {[%emt 0:00:59]} f5 {[%emt 0:03:20]} 11. Bf3 {[%emt 0:02:04]} a5 {[%emt 0:05:10]} 12. g4 {[%emt 0:01:53]} h6 {[%emt 0:00:08]} 13. Ng3 {[%emt 0:01:50]} e6 {[%emt 0:03:57]} 14. Rf2 {[%emt 0:08:49]} b5 {[%emt 0:07:58]} 15. Rg2 {[%emt 0:04:23]} Kh7 {[%emt 0:03:31]} 16. g5 {[%emt 0:12:13]} hxg5 {[%emt 0:01:55]} 17. fxg5 {[%emt 0:05:32]} c5 {[%emt 0:02:04]} 18. h4 {[%emt 0:02:47]} cxd4 {[%emt 0:00:41]} 19. Nce2 {[%emt 0:02:22]} Nc6 {[%emt 0:04:08]} 20. h5 {[%emt 0:01:55]} Nxe5 {[%emt 0:02:45]} 21. hxg6+ {[%emt 0:02:06]} Kg8 {[%emt 0:00:16]} 22. Nf4 {[%emt 0:02:47]} Nc4 {[%emt 0:19:22]} 23. Ngh5 {[%emt 0:03:09]} e5 {[%emt 0:07:17]} 24. Nf6+ {[%emt 0:09:12]} Bxf6 {[%emt 0:05:09]} 25. gxf6 {[%emt 0:00:04]} Rxf6 {[%emt 0:04:15]} 26. Qe1 {[%emt 0:04:45]} Rc6 {[%emt 0:10:51]} 27. Nd3 {[%emt 0:11:05]} e4 {[%emt 0:01:33]} 28. Bg5 {[%emt 0:00:31]} Qd7 {[%emt 0:00:52]} 29. Qh4 {[%emt 0:05:08]} Qg7 {[%emt 0:06:12]} 30. Bh6 {[%emt 0:03:09]} Qf6 {[%emt 0:00:06]} 31. Bg5 {[%emt 0:00:32]} Qh8 {[%emt 0:00:25]} 32. Bh6 {[%emt 0:01:26]} Qf6 {[%emt 0:00:29]} 33. Bg5 {[%emt 0:02:08]} Qg7 {[%emt 0:00:07]} 34. Bh6 {[%emt 0:01:36]} Qf6 {[%emt 0:00:13]} 1/2-1/2

[Event "Marienbad Open IM2 2020"]
[Site "Marianske Lazne"]
[Date "2020.01.20"]
[Round "3.13"]
[White "Hilwerda, Jonas"]
[Black "Vetokhin, Savva"]
[Result "1-0"]
[WhiteElo "2230"]
[BlackElo "2113"]
[Annotator "TA"]
[PlyCount "91"]
[EventDate "2020.01.18"]
[EventType "tourn"]
[EventCountry "CZE"]
[SourceTitle "playchess.com"]
[Source "ChessBase"]
[SourceQuality "1"]

{[%evp 17,91,0,2,0,0,-52,-58,-70,45,39,86,40,35,33,80,79,84,47,42,43,52,21,15,0,69,45,244,156,151,156,158,0,515,537,537,537,527,533,508,491,502,509,562,572,575,535,575,570,561,532,733,735,720,708,862,851,1133,1069,1864,1716,29978,29978,29982,29983,29983,29984,29980,2576,29980,29981,29981,29982,29985,29982,29982,29981]} 1. e4 c5 2. Nf3 Nc6 3. d4 cxd4 4. Nxd4 Nf6 5. Nc3 d6 6. Bc4 e6 7. Be3 Be7 8. Qe2 O-O 9. O-O-O a6 10. Nxc6 {B89: Sicilian: Velimirovic Attack} (10. Bb3 Qe8 11. Nxc6 Qxc6 12. Bg5 b5 13. f4 Ra7 14. e5 dxe5 15. fxe5 Nd5 16. Ne4 Bxg5+ 17. Nxg5 Qc5 18. Rhe1 Nf4 {1-0 (30) Morozevich,A (2656)-Kryakvin,D (2588) Khanty-Mansiysk 2018}) 10... bxc6 11. e5 (11. g4 $11) 11... Nd5 $1 $15 12. exd6 {Black is slightly better.} Bxd6 (12... Nxc3 $1 $15 13. bxc3 Bxd6) 13. Ne4 $14 Be5 $146 ({Predecessor:} 13... Be7 14. Bd4 Qc7 15. Ng3 Nf4 16. Qe4 Ng6 17. Rhe1 Bb7 {0-1 (33) Dahl,B (2310)-Ascolese,P Long Island 1988}) 14. Qh5 Qc7 15. Bc5 Re8 16. Rhe1 Rb8 17. Bb3 a5 18. a4 $40 {[%mdl 128] White attacks.} Ba6 19. g3 g6 20. Qh4 f5 ({Black should play} 20... Bg7 $11) 21. f4 Bg7 $2 (21... fxe4 $14 22. fxe5 Bd3) 22. Bd6 (22. Ng5 $6 Bf6 $16) 22... Qb6 {Strongly threatening ...Bc4.} 23. Ng5 $1 {[%csl Gg5][%cal Rh4h7]} h5 {White must now prevent ...Bc4!} 24. Bxb8 $2 (24. Rxe6 Bc4 $11) (24. Nxe6 $16 Bf6 25. Qxf6 $1 {[%mdl 512]} Nxf6 26. Bc5 Qxb3 27. cxb3) 24... Qxb8 $4 {[%mdl 8192]} (24... Rxb8 $11 {and Black stays safe.} 25. Rxe6 (25. Nxe6 $2 Bf6 $17) 25... Bc4 26. Rxg6 (26. Bxc4 $2 Qxb2+ 27. Kd2 Qb4+ 28. Ke2 Qxc4+ {[%mdl 64] Double Attack} 29. Ke1 Qxc2 $19) (26. Rde1 Bxb3 27. Rxg6 Nb4 $15) 26... Qe3+ 27. Rd2 Qe1+ 28. Rd1 Qe3+ {[%mdl 64] Double Attack} 29. Rd2 Qe1+ 30. Rd1 Qe3+ {[%mdl 64] Double Attack}) 25. Rxe6 $18 Rxe6 26. Nxe6 Bf6 {[#]} 27. Qxf6 $3 {[%mdl 576] Remove Defender} Nxf6 28. Rd8+ Qxd8 29. Nxd8+ {[%mdl 4160] Endgame Discovered Attack. KBN-KBN} Kg7 30. Nxc6 Ng4 31. h3 Nf2 32. Nxa5 Nxh3 33. Kd2 Kf6 34. Ke3 g5 35. Bd5 Bf1 36. b4 h4 37. fxg5+ Ke5 38. g6 hxg3 39. g7 f4+ 40. Kd2 Kxd5 41. g8=Q+ Ke4 42. Qa8+ (42. Ke1 $142 g2 43. Qe6+ {[%mdl 64] Double Attack} Kf3 44. Qxh3+ Ke4 45. Qg4 Kd5 46. Qf5+ Kd6 47. Nb7+ Ke7 48. Kf2) 42... Kf5 43. Qh1 {White mates.} Kg4 44. Qxf1 f3 45. Nc4 g2 46. Ne5+ {[%mdl 64] Double Attack. Accuracy: White = 84%, Black = 26%.} 1-0

[Event "Marienbad Open IM2 2020"]
[Site "Marianske Lazne"]
[Date "2020.01.20"]
[Round "3.14"]
[White "Gorbatov, Alexej"]
[Black "Jurek, Josef"]
[Result "1-0"]
[WhiteElo "2355"]
[BlackElo "2235"]
[Annotator "TA"]
[PlyCount "67"]
[EventDate "2020.01.18"]
[EventType "tourn"]
[EventCountry "CZE"]
[SourceTitle "playchess.com"]
[Source "ChessBase"]
[SourceQuality "1"]

{[%evp 9,67,3,9,12,2,4,6,0,8,10,28,23,22,28,37,29,77,81,72,75,76,57,65,50,78,61,82,20,62,62,65,64,99,89,89,87,89,79,102,73,72,72,185,185,184,181,178,181,215,209,210,210,256,263,240,241,291,286,272,282]} 1. d4 Nf6 2. c4 e6 3. a3 d5 4. Nc3 Be7 5. Bf4 O-O 6. e3 {E00: Catalan Bogo-Indian (3 g3 Bb4+).} b6 7. cxd5 Nxd5 8. Nxd5 {The position is equal.} exd5 9. Bd3 {[#]} Ba6 $146 (9... g6 {looks sharper.} 10. Ne2 c5 11. O-O Nc6 12. Bh6 Re8) ({Predecessor:} 9... c5 10. Nf3 Nc6 11. O-O Be6 12. Bb5 Na5 13. dxc5 bxc5 14. b4 Qb6 15. Qa4 a6 {1-0 (34) Nakamura,H (2787)-Caruana,F (2795) Saint Louis 2016}) 10. Bxa6 Nxa6 11. Qa4 Nb8 12. Ne2 $36 {[%mdl 2048] White has the initiative.} Bd6 13. O-O c6 14. Rac1 a5 15. Rc2 Ra7 16. Rfc1 Rd7 17. Qb3 Re8 18. a4 (18. Bxd6 $16 Rxd6 19. Nf4) 18... Bxf4 19. Nxf4 Rd6 20. h3 Re7 21. Qa3 Rc7 22. b4 axb4 23. Qxb4 Ra7 24. Rb2 Ra6 25. Nd3 Rd7 {[#]} (25... g6 $16 {was necessary.}) 26. a5 $1 $18 {[%mdl 512]} Rxa5 27. Qxb6 Qxb6 28. Rxb6 Rd8 29. Ne5 Ra7 30. Rcb1 Nd7 31. Nxc6 Nxb6 32. Nxd8 ({Much less strong is} 32. Nxa7 Rd6) 32... Ra6 33. Nc6 {[#] Strongly threatening Nb8.} Nd7 34. Ne7+ {Accuracy: White = 90%, Black = 70%.} 1-0

[Event "Marienbad Open IM2 2020"]
[Site "Marianske Lazne"]
[Date "2020.01.20"]
[Round "3.15"]
[White "Nguyen, Alex Dac-Vuong"]
[Black "Vatsal Singhania"]
[Result "1/2-1/2"]
[WhiteElo "2401"]
[BlackElo "2230"]
[Annotator "TA"]
[PlyCount "99"]
[EventDate "2020.01.18"]
[EventType "tourn"]
[EventCountry "CZE"]
[SourceTitle "playchess.com"]
[Source "ChessBase"]
[SourceQuality "1"]

{[%evp 30,99,52,51,54,54,56,50,51,27,64,50,58,44,46,37,50,36,40,24,33,25,24,35,39,14,12,8,17,13,28,15,26,6,9,1,14,2,20,6,20,15,23,8,31,20,43,39,43,14,14,8,26,10,13,0,0,0,0,0,52,52,52,52,52,52,154,154,154,154,154,154]} 1. e4 c5 2. Nf3 d6 3. d4 cxd4 4. Nxd4 Nf6 5. f3 a6 6. c4 e6 7. Nc3 Be7 8. Be3 b6 9. Be2 Bb7 10. O-O O-O 11. Qd2 Nbd7 12. Rfd1 Qc7 13. Rac1 Rac8 14. a3 Qb8 15. b4 Rfe8 16. Nb3 Bd8 {A31: Symmetrical English: 2 Nf3 Nf6 3 d4} (16... Bc6 17. Kh1 h6 18. Bf1 Ne5 19. Qf2 Bd7 20. Nb1 Ba4 21. N1d2 b5 22. c5 dxc5 23. Bxc5 Bxc5 24. Rxc5 {0-1 (62) Negi,P (2664)-Hou,Y (2683) Saint Louis 2015}) 17. Bf4 Ne5 18. Bxe5 ({Much weaker is} 18. Qxd6 Nxf3+ 19. gxf3 (19. Bxf3 Bc7 $17) 19... Bc7 $17) 18... dxe5 {White is slightly better.} 19. c5 Qa7 {[%cal Rb6c5]} 20. Kh1 Bc7 21. Na4 b5 $1 {[%cal Rb5a4]} 22. Nc3 Bc6 23. Qe3 $146 ({Predecessor:} 23. Ra1 Qb7 24. Qe1 Rb8 25. Bf1 {1-0 (59) Valdes Escobar,A (2382)-Salman,P (2258) Moscow 2018}) 23... Red8 24. Qg1 Qa8 25. Rxd8+ Rxd8 26. Rd1 Kf8 27. Rxd8+ (27. Bd3 {with more complications.} Nh5 28. Bc2 g6 29. Qe1 Kg7 30. Rxd8 Qxd8 31. Qd2) 27... Qxd8 28. Qd1 Qxd1+ 29. Bxd1 Nd7 30. Kg1 Nb8 31. Be2 Be8 32. g3 Ke7 33. Kf2 Kd8 34. Nc1 Ke7 35. Nd3 Nc6 36. Bd1 Nd4 37. Ke3 f6 38. Ne2 Nc6 39. Bb3 g5 40. Ne1 Bb8 41. Nc2 h5 42. h3 Bc7 43. g4 h4 44. Nc3 Nd4 (44... Bd7 $11) 45. Nxd4 $14 exd4+ 46. Kxd4 Be5+ 47. Kd3 Bxc3 (47... Bc6 $14) 48. Kxc3 $16 {White is clearly better.} Bc6 49. Kd4 e5+ 50. Ke3 {Accuracy: White = 25%, Black = 54%.} 1/2-1/2

[Event "Marienbad Open IM2 2020"]
[Site "Marianske Lazne"]
[Date "2020.01.21"]
[Round "4.11"]
[White "Tancsa, Tamas"]
[Black "Vatsal Singhania"]
[Result "0-1"]
[WhiteElo "2193"]
[BlackElo "2230"]
[Annotator "ChessBase"]
[PlyCount "68"]
[EventDate "2020.01.18"]
[EventType "tourn"]
[EventCountry "CZE"]
[SourceTitle "playchess.com"]
[Source "ChessBase"]
[SourceQuality "1"]
[TimeControl "40/5400+30:1800+30"]

1. e4 {[%emt 0:00:00]} c5 {[%emt 0:00:00]} 2. Nf3 {[%emt 0:00:00]} d6 {[%emt 0:00:00]} 3. d4 {[%emt 0:00:00]} cxd4 4. Nxd4 {[%emt 0:00:17]} Nf6 {[%emt 0:00:00]} 5. Nc3 {[%emt 0:00:13]} Nc6 {[%emt 0:00:00]} 6. Bg5 {[%emt 0:00:16]} e6 {[%emt 0:00:00]} 7. Qd2 {[%emt 0:00:29]} a6 {[%emt 0:00:00]} 8. O-O-O {[%emt 0:00:35]} Bd7 {[%emt 0:00:00]} 9. f4 {[%emt 0:00:22]} Be7 {[%emt 0:00:04]} 10. Nf3 {[%emt 0:00:39]} b5 {[%emt 0:00:13]} 11. Bxf6 gxf6 {[%emt 0:00:05]} 12. f5 {[%emt 0:02:13]} Qb6 {[%emt 0:01:21]} 13. Bd3 {[%emt 0:12:09]} O-O-O {[%emt 0:01:13]} 14. Ne2 {[%emt 0:06:13]} Kb8 {[%emt 0:01:55]} 15. Kb1 {[%emt 0:03:20]} Bc8 {[%emt 0:02:33]} 16. Nf4 {[%emt 0:03:17]} Qc5 {[%emt 0:04:27]} 17. Rhe1 {[%emt 0:06:47]} Rhg8 {[%emt 0:08:25]} 18. Rc1 {[%emt 0:13:24]} Rge8 {[%emt 0:08:22]} 19. c4 {[%emt 0:06:42]} b4 {[%emt 0:00:12]} 20. Nd5 {[%emt 0:05:51]} a5 {[%emt 0:02:07]} 21. Qh6 {[%emt 0:06:20]} Ne5 {[%emt 0:01:55]} 22. Nxe5 {[%emt 0:04:23]} dxe5 {[%emt 0:00:15]} 23. Nxe7 {[%emt 0:00:06]} Qxe7 {[%emt 0:00:08]} 24. Bc2 {[%emt 0:03:31]} Bb7 {[%emt 0:00:55]} 25. Ba4 {[%emt 0:02:06]} Rg8 {[%emt 0:00:44]} 26. c5 {[%emt 0:00:28]} Rxg2 {[%emt 0:00:37]} 27. c6 {[%emt 0:06:51]} Rdd2 {[%emt 0:00:06]} 28. c7+ {[%emt 0:00:56]} Kc8 {[%emt 0:00:26]} 29. Bb3 {[%emt 0:00:19]} Rxb2+ {[%emt 0:00:30]} 30. Ka1 {[%emt 0:00:01]} Rxa2+ {[%emt 0:00:16]} 31. Bxa2 {[%emt 0:00:52]} b3 {[%emt 0:00:03]} 32. Qe3 {[%emt 0:07:35]} Rxa2+ {[%emt 0:00:05]} 33. Kb1 {[%emt 0:00:12]} Qa3 {[%emt 0:00:05]} 34. Qc3 {[%emt 0:00:14]} Rxh2 0-1